00546 2200181 4500001002100000005001500021035002000036008003900056041000700095082000900102100004000111245006900151260005600220300002300276650001500299650001000314110004000324INLIS00000000000217120220705023727 a0010-0521002171220705 | | |  aen aNONE0 aCENTRAL INSTITUTE FOR ANIMAL HEALTH1 aBogor veterinary bulletin /cCentral Institute for Animal Health aBogor :bCentral Institute for Animal Health,c1961 a52 p., ill.; 25 cm 4aVETERINARY 4aBOGOR0 aCENTRAL INSTITUTE FOR ANIMAL HEALTH